000 00289nam a22001337a 4500
008 170728b xxu||||| |||| 00| 0 eng d
020 _a9780132604291
041 _aeng
080 _a004
100 _a31
101 _aSHK
245 _aMICROSOFT OFFICE 2010
_cKINSER,A
942 _2udc
_cBK
999 _c22086
_d22086